000 00478cam a2200181ua 4500
020 _a0-13-351403-X
_c120.00
041 _aeng
_h
082 _a551.9
_bDRE/GE
100 _aDerver, James I .
245 _aGeochemistry of natural waters /
_cJames I Derver.
_hTextual Documents
250 _a1 /
_b.
260 _aNew Delhi :
_bPrentice Hall of India Pvt Ltd. ,
_c1982.
300 _a388 ; .
365 _a120.00
504 _a
942 _cBK
999 _c9611
_d9611